MyGZULibrary

Handbook of visual analysis / (Record no. 4418)

MARC details
000 -LEADER
fixed length control field 01203cam a2200337 a 4500
001 - CONTROL NUMBER
control field 12512133
003 - CONTROL NUMBER IDENTIFIER
control field GZU
005 - DATE AND TIME OF LATEST TRANSACTION
control field 20210316091926.0
008 - FIXED-LENGTH DATA ELEMENTS--GENERAL INFORMATION
fixed length control field 010823s2001 enka b 001 0 eng d
010 ## - LIBRARY OF CONGRESS CONTROL NUMBER
LC control number 2001273642
015 ## - NATIONAL BIBLIOGRAPHY NUMBER
National bibliography number GBA0-X6109
020 ## - INTERNATIONAL STANDARD BOOK NUMBER
International Standard Book Number 0761964762
020 ## - INTERNATIONAL STANDARD BOOK NUMBER
International Standard Book Number 0761964770 (pbk.)
035 ## - SYSTEM CONTROL NUMBER
System control number (OCoLC)ocm47138970
040 ## - CATALOGING SOURCE
Original cataloging agency TXA
Transcribing agency TXA
Modifying agency UKM
-- EMU
-- DLC
042 ## - AUTHENTICATION CODE
Authentication code lccopycat
050 00 - LIBRARY OF CONGRESS CALL NUMBER
Classification number P93.5
Item number .HAN 2001
082 00 - DEWEY DECIMAL CLASSIFICATION NUMBER
Classification number 302.23
Edition number 21
245 00 - TITLE STATEMENT
Title Handbook of visual analysis /
Statement of responsibility, etc. edited by Theo Van Leeuwen and Carey Jewitt.
260 ## - PUBLICATION, DISTRIBUTION, ETC.
Place of publication, distribution, etc. London ;
-- Thousand Oaks [Calif.] :
Name of publisher, distributor, etc. SAGE,
Date of publication, distribution, etc. 2001.
300 ## - PHYSICAL DESCRIPTION
Extent xii, 210 p. :
Other physical details ill. ;
Dimensions 25 cm.
504 ## - BIBLIOGRAPHY, ETC. NOTE
Bibliography, etc. note Includes bibliographical references and index.
650 #0 - SUBJECT ADDED ENTRY--TOPICAL TERM
Topical term or geographic name entry element Visual communication.
700 1# - ADDED ENTRY--PERSONAL NAME
Personal name Van Leeuwen, Theo,
Dates associated with a name 1947-
700 1# - ADDED ENTRY--PERSONAL NAME
Personal name Jewitt, Carey.
856 42 - ELECTRONIC LOCATION AND ACCESS
Materials specified Publisher description
Uniform Resource Identifier <a href="http://www.loc.gov/catdir/enhancements/fy0657/2001273642-d.html">http://www.loc.gov/catdir/enhancements/fy0657/2001273642-d.html</a>
856 41 - ELECTRONIC LOCATION AND ACCESS
Materials specified Table of contents only
Uniform Resource Identifier <a href="http://www.loc.gov/catdir/enhancements/fy0657/2001273642-t.html">http://www.loc.gov/catdir/enhancements/fy0657/2001273642-t.html</a>
906 ## - LOCAL DATA ELEMENT F, LDF (RLIN)
a 7
b cbc
c copycat
d 2
e ncip
f 20
g y-gencatlg
942 ## - ADDED ENTRY ELEMENTS (KOHA)
Source of classification or shelving scheme Library of Congress Classification
Koha item type Books
Classification part 93.5
Item part HAN
Call number prefix P
Holdings
Withdrawn status Lost status Damaged status Not for loan Collection code Home library Current library Shelving location Date acquired Total Checkouts Full call number Barcode Date last seen Copy number Price effective from Koha item type
        Non-fiction City Campus Library City Campus Library General Stacks 03/16/2021   P93.5HAN2001 000242 03/16/2021 c.1 03/16/2021 Books